Statistics for Best Ranked Football Teams Of South America

Click here to take the quiz!

General Stats

  • This quiz has been taken 23 times
  • The average score is 11 of 25

Answer Stats

HintClub% Correct
ArgentinaRiver Plate
100%
ArgentinaBoca Junior
89%
BrazilFlamengo
84%
BrazilFluminense
79%
BrazilPalmeiras
79%
BrazilBotafogo
74%
BrazilGrêmio
74%
BrazilSão Paulo
74%
BrazilCorinthians
68%
BrazilInternacional
63%
BrazilAtlético Mineiro
58%
UruguayNacional
58%
EcuadorIndependiente
53%
ParaguayOlimpia
32%
ArgentinaRacing Club
26%
BoliviaBolívar
21%
PeruSporting Cristal
21%
ArgentinaArgentinos Juniors
5%
ArgentinaDefesa y Justicia
5%
BrazilRB Bragantino
5%
ArgentinaTalleres de Cordoba
5%
BrazilAthletico PR
0%
ColombiaFortaleza
0%
EcuadorLDU de Quito
0%
ArgentinaSan Lorenzo de Almagro
0%

Score Distribution

Percentile by Number Answered

Percent of People with Each Score

Your Score History

You have not taken this quiz